000 00741nam a2200229Ia 4500
003 OSt
005 20221006143241.0
006 a|||||r|||| 00| 0
007 ta
008 221006b |||||||| |||| 00| 0 eng d
024 _a8,437
037 _bGift, Japan Foundation
_cTextual
040 _aEASL
_cEASL
_beng
041 _2eng
_aeng
082 _aX65.42.N92, N2
100 _aJETRO
_9370594
245 0 _aJETRO white paper on foreign direct investment, 1992
_b The role of direct investment in filling the gap between capital demand and supply ---
260 _aTokyo
_bJETRO Japan
_c1992
300 _a52P.
_ccm.
942 _hX65.42.N92, N2
_cTEXL
_2CC
999 _c1076523
_d1076523